000 01096nam a2200277 i 4500
001 193626
003 ES-MaACL
005 20250827210950.0
007 ta
008 240131s1963 sp | |||| 000 spa
040 _aEs-MaACL
100 _aNachón Riaño, María Luz
_eaut
_9234983
245 1 3 _aLa condesa de Campo Alange, primera mujer que figura en la directiva del Ateneo :
_bnombrada vicepresidenta /
_hMaría Luz Nachón Riaño
264 1 _a[Madrid] :
_bInformaciones,
_c[1963]
300 _a1 página :
_b1 retrato ;
_c30 cm
336 _aTexto
_2rdacontent
337 _asin mediación
_2rdamedia
338 _avolumen
_2rdacarrier
500 _aRecorte del artículo de María Luz Nachón Riaño sobre la condesa de Campo Alange en el Ateneo de Madrid, publicado en "Informaciones", febrero de 1963
600 1 4 _aCampo Alange, María Laffitte,
_cCondesa de,
_d1902-1986
_934205
610 2 4 _aAteneo de Madrid-
_vHistoria
_91925
655 4 _aArtículos
_9175745
852 4 _aES-MaACL
_cDEPOF
_j2347-F-3
_9201130
942 _2udc
_cART_PRENSA
_n0
999 _c193626
_d193626